| 000 | 01086cam a22002054a 4500 | ||
|---|---|---|---|
| 005 | 20250605164118.0 | ||
| 008 | 250528s ||||||||||||||||||||||||d | ||
| 035 | _a18175 | ||
| 020 | _a471936103 | ||
| 040 |
_aGR-AtMCL _bgre _dGR-AtMCL _eAACR2 |
||
| 245 | 1 | _aDeveloping C++ Software / Second Edition | |
| 250 | _a2nd | ||
| 260 |
_bJohn Wiley & Sons, Ltd, _c1993 |
||
| 300 | _a496 | ||
| 520 | _aThis book aims to provide the knowledge for - and skills of - programming in the language by adopting a problem-solving approach. Introduction, Abstraction in Programming, The Primitive Data Types, First Steps in Construction: Expressions, Functional Abstraction, A Primitive Data Structure: Arrays, User-Defined Data Types: Classes, A Form of Polymorphism: Overloading, Becoming More Dynamic: Pointer Types, Dynamic Data Types, Becoming Polymorphic: Generic Types, Extendible Abstractions: Inheritance, Files: Generally Useful Things, Bits and Pieces and Odds and Ends, Bibliography, Index. | ||
| 700 | 1 |
_aWinder Russel _94460 |
|
| 942 | _cBK | ||
| 999 |
_c3555 _d3555 |
||